MARC

LEADER 00000nam0a2200000 4500
001 248966
005 20231101232432.0
020 |a RU  |b 88-76638 
035 |a (RuTPU)RU\TPU\book\270916 
090 |a 248966 
100 |a 20140129d1988 k a0rusy5003 ca 
101 0 |a rus 
102 |a BY 
105 |a a z 101zy 
200 1 |a Плазменные генераторы и процессы  |e материалы III совещания Международной рабочей группы "Физика низкотемпературной плазмы" , г. Минск, 7-11 сентября 1987 г.  |f Академия наук Белорусской ССР (АН БССР), Институт тепло- и массообмена им. А. В. Лыкова (ИТМО) ; под ред. О. И. Ясько 
210 |a Минск  |c Изд-во ИТМО  |d 1988 
215 |a 107 с.  |c ил. 
320 |a Библиогр. в конце докл. 
606 1 |a Генераторы плазмы  |2 stltpush  |3 (RuTPU)RU\TPU\subj\5795  |9 33792 
610 1 |a плазма низкотемпературная 
610 1 |a плазмотроны 
610 1 |a совещания 
610 1 |a электроды 
610 1 |a разряды 
610 1 |a плазма 
610 1 |a газодинамические процессы 
610 1 |a плазменная струя 
610 1 |a численные методы 
610 1 |a численные методы расчета 
675 |a 621.387.143(063)  |z rus 
702 1 |a Ясько  |b О. И.  |4 340 
712 0 2 |a Академия наук Белорусской ССР (АН БССР)  |b Институт тепло- и массообмена им. А. В. Лыкова (ИТМО)  |c (Минск)  |2 stltpush  |3 (RuTPU)RU\TPU\col\11896 
712 1 2 |a Плазменные генераторы и процессы  |c совещание  |d III  |e Минск  |f 1988 
801 0 |a RU  |b RuMRKP  |c 19950417  |g psbo 
801 1 |a RU  |b 63413507  |c 20140129 
801 2 |a RU  |b 63413507  |c 20161129  |g RCR 
942 |c BK